Library Banner

The emergence of Islam/ (Record no. 100357)

MARC details
000 -LEADER
fixed length control field 00427nam a22001577a 4500
005 - DATE AND TIME OF LATEST TRANSACTION
control field 20171130111949.0
008 - FIXED-LENGTH DATA ELEMENTS--GENERAL INFORMATION
fixed length control field 171130b xxu||||| |||| 00| 0 eng d
020 ## - INTERNATIONAL STANDARD BOOK NUMBER
International Standard Book Number 9694081378
040 ## - CATALOGING SOURCE
Transcribing agency PK-LaUMT
082 ## - DEWEY DECIMAL CLASSIFICATION NUMBER
Classification number PKAC 297
Item number HAM-E
100 ## - MAIN ENTRY--PERSONAL NAME
Personal name Hamidullah , Muhammad
245 ## - TITLE STATEMENT
Title The emergence of Islam/
Statement of responsibility, etc Muhammad Hamidullah
260 ## - PUBLICATION, DISTRIBUTION, ETC. (IMPRINT)
Place of publication, distribution, etc Islamabad:
Name of publisher, distributor, etc Islamic research institute,
Date of publication, distribution, etc 2002
300 ## - PHYSICAL DESCRIPTION
Extent 351 p.
942 ## - ADDED ENTRY ELEMENTS (KOHA)
Koha item type Books
Holdings
Withdrawn status Lost status Damaged status Home library Current library Date acquired Full call number Barcode Date last seen Price effective from Koha item type
      UMT Main Campus UMT Main Campus 2017-11-30 PKAC 297 HAM-E 116227 2017-11-30 2017-11-30 Books